| Tag |
First Indicator |
Second Indicator |
Subfields |
| LEADER |
00000cam a22000004a 4500 |
| 001 |
in00001786413 |
| 005 |
20151025125046.0 |
| 008 |
030715s2003 nyuaf b 001 0 eng |
| 010 |
|
|
|a 2003058487
|
| 020 |
|
|
|a 0312319320
|
| 035 |
|
|
|a (OCoLC)ocm52706222
|
| 040 |
|
|
|a DLC
|c DLC
|d TXA
|d UtOrBLW
|
| 042 |
|
|
|a pcc
|
| 043 |
|
|
|a n-us---
|
| 049 |
|
|
|a TXAM
|
| 050 |
0 |
0 |
|a JK468.I6
|b K42 2003
|
| 082 |
0 |
0 |
|a 973.931
|2 22
|
| 100 |
1 |
|
|a Kessler, Ronald,
|d 1943-
|
| 245 |
1 |
4 |
|a The CIA at war :
|b inside the secret campaign against terror /
|c Ronald Kessler.
|
| 250 |
|
|
|a 1st ed.
|
| 264 |
|
1 |
|a New York :
|b St. Martin's Press,
|c 2003.
|
| 300 |
|
|
|a 362 pages, 16 unnumbered pages of plates :
|b illustrations ;
|c 25 cm.
|
| 336 |
|
|
|a text
|b txt
|2 rdacontent
|
| 337 |
|
|
|a unmediated
|b n
|2 rdamedia
|
| 338 |
|
|
|a volume
|b nc
|2 rdacarrier
|
| 504 |
|
|
|a Includes bibliographical references [pages [345]-350) and index.
|
| 610 |
1 |
0 |
|a United States.
|b Central Intelligence Agency.
|
| 650 |
|
0 |
|a Terrorism
|x Prevention.
|
| 650 |
|
0 |
|a War on Terrorism, 2001-2009.
|
| 948 |
|
|
|a cataloged
|b h
|c 2003/11/13
|d c
|e dmitchel
|f 12:30:20 pm
|
| 994 |
|
|
|a E0
|b TXA
|
| 999 |
|
|
|a MARS
|
| 999 |
f |
f |
|s 7a52c471-12c8-304f-995f-34e53f562b5d
|i d3fc1d8c-8f79-39b0-8e31-914934949b14
|t 0
|
| 952 |
f |
f |
|p ric
|a Texas A&M University
|b Rellis Campus
|c Joint Library Facility
|d Remote Storage
|t 0
|e JK468.I6 K42 2003
|h Library of Congress classification
|i unmediated -- volume
|m A14830762176
|
| 998 |
f |
f |
|a JK468.I6 K42 2003
|t 0
|l Remote Storage
|